01396nam a2200349 a 4500001001200000003000800012006001900020007001500039008004100054010001700095020001500112020001800127020002700145040002100172035002100193050002600214245010900240260004100349300002200390490006900412504005100481533015200532650003400684650004400718655002900762700002300791700001700814710001700831830005500848856012600903999001701029ebr10606504CaPaEBRm u cr cn|||||||||120816s2012 gw a sb 001 0 eng d z 2012405847 z3110260255 z9783110260250 z9783110260274 (e-book) aCaPaEBRcCaPaEBR a(OCoLC)81196282214aP96.T42bC5998 2012eb00aCommunication on and via technologyh[electronic resource] /cedited by Annely Rothkegel and Sonja Ruda. aBerlin :bDe Gruyter Mouton,cc2012. ax, 269 p. :bill.1 aText, translation, computational processing,x1861-4272 ;vv. 10 aIncludes bibliographical references and index. aElectronic reproduction.bPalo Alto, Calif. :cebrary,d2011.nAvailable via World Wide Web.nAccess may be limited to ebrary affiliated libraries. 0aCommunication and technology. 0aInformation technologyxSocial aspects. 7aElectronic books.2local1 aRothkegel, Annely.1 aRuda, Sonja.2 aebrary, Inc. 0aText, translation, computational processing ;v10.40uhttp://site.ebrary.com/lib/rucke/Doc?id=10606504zAn electronic book accessible through the World Wide Web; click to view c97286d97286